[Event "Marienbad Open 2024 - A1 GM Round Robin"]
[Site "Continental hotel, Marianske Lazne"]
[Date "2024.01.15"]
[Round "3"]
[Board "2"]
[White "Stein, Robert"]
[Black "Pang, Tao"]
[Result "1-0"]
[WhiteElo "2429"]
[BlackElo "2430"]
[PlyCount "0"]
[EventDate "2024.01.13"]
[EventRounds "9"]
[EventCountry "CZE"]

1. d4 d5 2. c4 e6 3. Nf3 Nf6 4. g3 dxc4 5. Bg2 Bb4+ 6. Bd2 a5 7. Qc2 Bxd2+ 8. Qxd2
c6 9. Ne5 b5 10. a4 Nd5 11. Nc3 f6 12. Nf3 O-O 13. axb5 Nxc3 14. bxc3 cxb5 15. O-O
Ra7 16. Rfb1 Bd7 17. d5 e5 18. Qe3 Ra8 19. Nd2 a4 20. Ne4 Na6 21. d6 Kh8 22. Rd1
Rb8 23. Nc5 Nxc5 24. Qxc5 Qb6 25. Qb4 Rfc8 26. Rd5 Ra8 27. Qa3 Kg8 28. Rb1 Rab8 29.
Qb4 Kf7 30. Rbd1 g6 31. h4 Ra8 32. Qa3 Rab8 33. Qb4 Qa7 34. Qa3 Qa5 35. Kh2 Qb6 36.
Qc1 Kg7 37. f4 e4 38. R1d4 f5 39. Re5 Re8 40. Qd2 Kf7 41. g4 Rxe5 42. fxe5 Qd8 43.
Qh6 Qf8 44. Qf4 Kg8 45. gxf5 gxf5 46. Rd1 Re8 47. Bh3 Kh8 48. e6 Rxe6 49. Qxf5 Qh6
50. Qg5 Rxd6 51. Qd8+ Kg7 52. Qe7+  1-0

[Event "Marienbad Open 2024 - A1 GM Round Robin"]
[Site "Continental hotel, Marianske Lazne"]
[Date "2024.01.15"]
[Round "3"]
[Board "5"]
[White "Baenziger, Fabian"]
[Black "Stefansson, Hannes"]
[Result "0-1"]
[WhiteElo "2414"]
[BlackElo "2498"]
[PlyCount "0"]
[EventDate "2024.01.13"]
[EventRounds "9"]
[EventCountry "CZE"]

1. d4 d5 2. c4 c6 3. Nf3 Nf6 4. Nc3 e6 5. e3 a6 6. b3 Bb4 7. Bd2 Qe7 8. Bd3 O-O 9.
O-O Nbd7 10. Qc2 e5 11. dxe5 Nxe5 12. Nxe5 Qxe5 13. Nxd5 Nxd5 14. cxd5 Bxd2 15. Qxd2
Qxd5 16. Qc2 g6 17. Rad1 Qe5 18. Be4 Qe7 19. Rd4 Be6 20. Rfd1 Rac8 21. b4 c5 22.
bxc5 Rxc5 23. Qd2 Rc4 24. a4 b5 25. axb5 axb5 26. Qb2 b4 27. Bb1 Rxd4 28. Qxd4 Rc8
29. h3 b3 30. Qb6 Qf6 31. Qa5 b2 32. Qa3 Kg7  0-1

[Event "Marienbad Open 2024 - A1 GM Round Robin"]
[Site "Continental hotel, Marianske Lazne"]
[Date "2024.01.16"]
[Round "4"]
[Board "1"]
[White "Kusa, Jakub"]
[Black "Stefansson, Hannes"]
[Result "1/2-1/2"]
[WhiteElo "2350"]
[BlackElo "2498"]
[PlyCount "0"]
[EventDate "2024.01.13"]
[EventRounds "9"]
[EventCountry "CZE"]

1. d4 Nf6 2. c4 e6 3. Nf3 d5 4. g3 Bb4+ 5. Bd2 Be7 6. Bg2 O-O 7. O-O c6 8. Qc2 a5
9. Bf4 a4 10. Ne5 Nbd7 11. Nd2 Nxe5 12. Bxe5 Ng4 13. Nf3 Nxe5 14. Nxe5 Qa5 15. Rfd1
Bd6 16. Nd3 Bd7 17. Rac1 Rfd8 18. e3 Be8 19. Bf1 f6 20. cxd5 cxd5 21. Qc3 Qxc3 22.
Rxc3 Rdc8 23. Rdc1 Rxc3 24. Rxc3 Bc6 25. a3 Kf7 26. Nb4 Bd7 27. Bd3 Ra5 28. Kf1 g5
29. Ke2 h5 30. b3 h4 31. bxa4 Bxa4 32. Bc2 Bd7 33. Bd3 Ke7 34. Rb3 f5 35. Nc2 Bc6
36. Kd2 Kd7 37. Kc1 Kc7 38. Nb4 Ba4 39. Rc3+ Kb6 40. Kb2 Ra8 41. Bc2 Bb5 42. Nd3
Rh8 43. a4 Ba6 44. Rb3+ Kc7 45. Kc3 Bc4 46. Rb2 hxg3 47. hxg3 Ba3 48. Rb1 Rh2 49.
Rf1 Bd6 50. Bb3 Ba6 51. Rc1 Kb6 52. Rc2 Rh8 53. Ne5 Ka5 54. Kb2 Bxe5 55. dxe5 Kb4
56. Rd2 Rh2 57. Bd1 Bc4 58. Kc1 Rh1 59. Kb2 Rh2 60. Kc1 Ka3 61. Rb2 Rh1 62. Rxb7
d4 63. Kd2 dxe3+ 64. fxe3 Bd5 65. Rg7 Kb4 66. Rxg5 Rh2+ 67. Ke1 Rh1+ 68. Kd2 Rh2+
 1/2-1/2

[Event "Marienbad Open 2024 - A1 GM Round Robin"]
[Site "Continental hotel, Marianske Lazne"]
[Date "2024.01.16"]
[Round "4"]
[Board "2"]
[White "Samani, Yamac"]
[Black "Baenziger, Fabian"]
[Result "1-0"]
[WhiteElo "2380"]
[BlackElo "2414"]
[PlyCount "0"]
[EventDate "2024.01.13"]
[EventRounds "9"]
[EventCountry "CZE"]

1. Nf3 d5 2. e3 Nf6 3. c4 e6 4. Nc3 Bd6 5. b3 O-O 6. Bb2 c6 7. Be2 Re8 8. d4 Nbd7
9. O-O b6 10. a4 Bb7 11. Qb1 a5 12. Rd1 Qe7 13. e4 dxe4 14. Nxe4 Nxe4 15. Qxe4 f5
16. Qd3 Rad8 17. Bf1 Nf6 18. Qc2 Kh8 19. Re1 Ne4 20. Rad1 Bb4 21. Re3 c5 22. d5 exd5
23. cxd5 Bxd5 24. Ne5 Qc7 25. f3 Nf6 26. Bc4 f4 27. Re2 Qb7 28. Rxd5 Rxd5 29. Qf5
Red8 30. Qxf4 Rd1+ 31. Kf2 Bd2 32. Qh4  1-0

[Event "Marienbad Open 2024 - A1 GM Round Robin"]
[Site "Continental hotel, Marianske Lazne"]
[Date "2024.01.16"]
[Round "4"]
[Board "3"]
[White "Neuman, Petr"]
[Black "Haring, Filip"]
[Result "1/2-1/2"]
[WhiteElo "2398"]
[BlackElo "2432"]
[PlyCount "0"]
[EventDate "2024.01.13"]
[EventRounds "9"]
[EventCountry "CZE"]

1. d4 Nf6 2. c4 e6 3. Nc3 Bb4 4. Qc2 O-O 5. a3 Bxc3+ 6. Qxc3 b6 7. Bg5 Bb7 8. e3
d6 9. Ne2 Nbd7 10. Qd3 h6 11. Bh4 Re8 12. Nc3 Nf8 13. O-O-O Ng6 14. Bg3 a6 15. f3
b5 16. Qc2 bxc4 17. Bxc4 Nd5 18. Rhe1 Qg5 19. Qd2 Nxc3 20. Qxc3 Ne7 21. Qd2 Bd5 22.
Bxd5 exd5 23. e4 Qg6 24. Qc2 Reb8 25. Rd3 Rb6 26. Rb3 Rab8 27. Rxb6 Rxb6 28. Kb1
Rc6 29. Qb3 dxe4 30. fxe4 d5 31. Ka2 dxe4 32. d5 Rb6 33. Qc4 Qf6 34. Re2 Rb5 35.
Qxe4 Nxd5 36. Qc2 Rb8 37. Qc4 Ne3 38. Qe4 Nd1 39. Be5 Qe6+ 40. Ka1 Re8 41. Qd4 f6
42. Qxd1 fxe5 43. Qc2 Re7 44. Re4 Qd5 45. Qe2 Re6 46. Kb1 Qb5 47. Qc4 Qxc4 48. Rxc4
c6 49. Ra4 e4 50. Kc1 e3 51. Kd1 Rd6+ 52. Ke1 Rd2 53. b4 Rxg2 54. Rxa6 Rc2 55. h4
Kf7 56. Ra7+ Kf6 57. Rc7 Rc3 58. Ke2 Rxa3 59. Rxc6+ Kf5 60. Rc7 g6 61. Rc5+ Kg4 62.
Rc4+ Kh5 63. Re4 Rb3 64. Kf3 g5 65. hxg5 hxg5 66. Rxe3 g4+ 67. Kf2 Rxb4 68. Kg3  1/2-1/2

[Event "Marienbad Open 2024 - A1 GM Round Robin"]
[Site "Continental hotel, Marianske Lazne"]
[Date "2024.01.16"]
[Round "4"]
[Board "4"]
[White "Pang, Tao"]
[Black "Haba, Petr"]
[Result "1-0"]
[WhiteElo "2430"]
[BlackElo "2437"]
[PlyCount "0"]
[EventDate "2024.01.13"]
[EventRounds "9"]
[EventCountry "CZE"]

1. d4 d5 2. c4 c6 3. Nf3 Nf6 4. e3 a6 5. Bd3 e6 6. O-O dxc4 7. Bxc4 c5 8. dxc5 Bxc5
9. Nc3 Qxd1 10. Rxd1 b5 11. Be2 Bb7 12. Nd2 Be7 13. Nb3 Nc6 14. e4 b4 15. Na4 Nxe4
16. Be3 Rd8 17. f3 Nf6 18. Nbc5 Ba8 19. Nb6 O-O 20. Nxa6 Nd5 21. Nxd5 exd5 22. Bb6
Rc8 23. Nc7 Bf6 24. Nxd5 Bxb2 25. Rab1 Ba3 26. Ba6 Rb8 27. Bc7 Bb7 28. Bxb8 Bxa6
29. Bd6 Rd8 30. Ne7+ Nxe7 31. Bxe7 Rxd1+ 32. Rxd1 f6 33. Rd4  1-0

[Event "Marienbad Open 2024 - A1 GM Round Robin"]
[Site "Continental hotel, Marianske Lazne"]
[Date "2024.01.16"]
[Round "5"]
[Board "1"]
[White "Stein, Robert"]
[Black "Kusa, Jakub"]
[Result "0-1"]
[WhiteElo "2429"]
[BlackElo "2350"]
[PlyCount "0"]
[EventDate "2024.01.13"]
[EventRounds "9"]
[EventCountry "CZE"]

1. d4 d5 2. c4 e6 3. Nf3 Nf6 4. g3 Bb4+ 5. Nbd2 dxc4 6. Bg2 b5 7. a3 Be7 8. Ne5 Nd5
9. b3 Bb7 10. e4 c3 11. Nb1 Nf6 12. Nxc3 b4 13. Na4 O-O 14. f3 Na6 15. Be3 bxa3 16.
O-O Nd7 17. Nd3 Nb4 18. Nxb4 Bxb4 19. Qc2 a5 20. Rfd1 Rc8 21. Rac1 Qe7 22. f4 Rfd8
23. h3 f5 24. e5 Bxg2 25. Kxg2 Nf8 26. d5 Qf7 27. dxe6 Nxe6 28. Qf2 Rxd1 29. Rxd1
Rd8 30. Qf3 Qe8 31. g4 Rxd1 32. Qxd1 Qc6+ 33. Kf2 g6 34. gxf5 gxf5 35. Qb1 Qe4 36.
Qg1+ Kf7 37. Qd1 a2 38. Nc3 Bxc3 39. Qd7+ Kf8 40. Qxe6 Be1+ 41. Ke2 Qg2+ 42. Kd3
Qf1+ 43. Kd4 a1=Q+ 44. Kd5 Qd1+  0-1

[Event "Marienbad Open 2024 - A1 GM Round Robin"]
[Site "Continental hotel, Marianske Lazne"]
[Date "2024.01.16"]
[Round "5"]
[Board "2"]
[White "Haba, Petr"]
[Black "Natsidis, Christoph"]
[Result "1/2-1/2"]
[WhiteElo "2437"]
[BlackElo "2324"]
[PlyCount "0"]
[EventDate "2024.01.13"]
[EventRounds "9"]
[EventCountry "CZE"]

1. e4 c5 2. Nf3 e6 3. d4 cxd4 4. Nxd4 a6 5. Nc3 Qc7 6. Bd3 Nf6 7. O-O d6 8. a4 b6
9. f4 Bb7 10. Qe2 Nbd7 11. Kh1 Be7 12. Bd2 O-O 13. Rae1 Nc5 14. b4 Nxd3 15. cxd3
Rac8 16. Rf3 Nd7 17. Rh3 g6 18. f5 Bf6 19. Qe3 Bg7 20. fxe6 Ne5 21. Qg3 fxe6 22.
Nxe6 Qf7 23. Nxf8 Rxf8 24. Rg1 h5 25. Rh4 Ng4 26. Rxg4 hxg4 27. Qxd6 Qf2 28. Be1
Qd4 29. Qxg6 Qxd3 30. Qxg4 Rf1 31. Qe2 Rxg1+ 32. Kxg1 Qd4+ 33. Kh1 Qxb4 34. Qd3 Bxc3
35. Bxc3 Qxe4 36. Qg3+ Kf7 37. h3 b5 38. axb5 axb5 39. Kh2 Ke6 40. Qg8+ Kd6 41. Bb4+
Kd7 42. Qg7+ Ke8 43. Qf8+ Kd7 44. Qg7+ Ke8  1/2-1/2

[Event "Marienbad Open 2024 - A1 GM Round Robin"]
[Site "Continental hotel, Marianske Lazne"]
[Date "2024.01.16"]
[Round "5"]
[Board "3"]
[White "Haring, Filip"]
[Black "Pang, Tao"]
[Result "1/2-1/2"]
[WhiteElo "2432"]
[BlackElo "2430"]
[PlyCount "0"]
[EventDate "2024.01.13"]
[EventRounds "9"]
[EventCountry "CZE"]

1. e4 e6 2. d4 d5 3. e5 c5 4. c3 Nc6 5. Nf3 Bd7 6. Bd3 cxd4 7. O-O dxc3 8. Nxc3 Nge7
9. Bg5 a6 10. Re1 h6 11. Bh4 g5 12. Bg3 Bg7 13. h3 Ng6 14. Rc1 O-O 15. Bb1 Be8 16.
Na4 Rc8 17. Nc5 Qe7 18. Nd3 Bd7 19. Qd2 Qd8 20. Nc5 Rc7 21. b4 Bc8 22. Bd3 Nce7 23.
Nd4 Nf5 24. Nxf5 exf5 25. f4 gxf4 26. Bxf4 Nxf4 27. Qxf4 Qg5 28. g3 b6 29. Nb3 Rxc1
30. Rxc1 Re8 31. Nd4 Bxe5 32. Qxg5+ hxg5 33. Nxf5 Bd7 34. Kg2 Kf8 35. h4 gxh4 36.
gxh4 Rc8 37. Rxc8+ Bxc8 38. a4 a5 39. bxa5 bxa5 40. Kf3 Bd7 41. Bc2 Bf6 42. Ke3 Kg8
43. Nh6+ Kg7 44. Nf5+ Kh8 45. Kf4 Bb2 46. Bb3 Be6 47. Ne7 Bf6 48. Nc6 Bc3 49. Ne7
Bb4 50. Nxd5 Be1 51. h5 Kg7 52. Bc4 Bf2 53. Kf3 Bc5 54. Ne3 Bd7 55. Bb3 Kh6 56. Ng4+
Bxg4+  1/2-1/2

[Event "Marienbad Open 2024 - A1 GM Round Robin"]
[Site "Continental hotel, Marianske Lazne"]
[Date "2024.01.16"]
[Round "5"]
[Board "4"]
[White "Baenziger, Fabian"]
[Black "Neuman, Petr"]
[Result "1-0"]
[WhiteElo "2414"]
[BlackElo "2398"]
[PlyCount "0"]
[EventDate "2024.01.13"]
[EventRounds "9"]
[EventCountry "CZE"]

1. d4 d5 2. c4 c6 3. Nf3 Nf6 4. Nc3 a6 5. e3 Bf5 6. Ne5 Nbd7 7. Qb3 Qc7 8. cxd5 Nxe5
9. dxe5 Nxd5 10. Nxd5 cxd5 11. Bd2 Qxe5 12. Be2 Bd7 13. Bc3 Qc7 14. Qxd5 Bc6 15.
Qg5 f6 16. Qg4 g6 17. O-O Bg7 18. Qc4 b5 19. Qe6 Qb7 20. Rfd1 Rf8 21. Rac1 Rf7 22.
Ba5 Bd7 23. Bf3  1-0

[Event "Marienbad Open 2024 - A1 GM Round Robin"]
[Site "Continental hotel, Marianske Lazne"]
[Date "2024.01.17"]
[Round "6"]
[Board "2"]
[White "Neuman, Petr"]
[Black "Stefansson, Hannes"]
[Result "1-0"]
[WhiteElo "2398"]
[BlackElo "2498"]
[PlyCount "0"]
[EventDate "2024.01.13"]
[EventRounds "9"]
[EventCountry "CZE"]

1. d4 Nf6 2. c4 e6 3. g3 c5 4. Nf3 cxd4 5. Nxd4 d5 6. Bg2 e5 7. Nb3 d4 8. O-O Nc6
9. e3 Bg4 10. f3 Be6 11. exd4 exd4 12. Bg5 Be7 13. N1d2 O-O 14. Bxf6 Bxf6 15. Nc5
Bf5 16. Nde4 d3 17. Kh1 Bxb2 18. Rb1 Bd4 19. Nxb7 Qe7 20. Ned6 Qd7 21. f4 Bh3 22.
Bxh3 Qxh3 23. Qxd3 g6 24. Qe4 Qd7 25. Rfd1 Rab8 26. Qd5 Bg7 27. Nc5 Qc7 28. Na6  1-0

[Event "Marienbad Open 2024 - A1 GM Round Robin"]
[Site "Continental hotel, Marianske Lazne"]
[Date "2024.01.17"]
[Round "6"]
[Board "3"]
[White "Pang, Tao"]
[Black "Baenziger, Fabian"]
[Result "1/2-1/2"]
[WhiteElo "2430"]
[BlackElo "2414"]
[PlyCount "0"]
[EventDate "2024.01.13"]
[EventRounds "9"]
[EventCountry "CZE"]

1. Nf3 d5 2. g3 Bg4 3. Bg2 Nd7 4. O-O c6 5. h3 Bh5 6. d3 e6 7. Qe1 Bd6 8. Nfd2 f6
9. e4 Ne7 10. Nb3 Bf7 11. c4 O-O 12. Nc3 Nc5 13. Nxc5 Bxc5 14. e5 Nf5 15. Kh1 fxe5
16. Qxe5 Bd6 17. Qe1 Qf6 18. f4 h5 19. Nd1 h4 20. gxh4 Nxh4 21. Ne3 Nxg2 22. Nxg2
e5 23. c5 Bc7 24. fxe5 Qe6 25. d4 Qxh3+ 26. Kg1 Bg6 27. Nf4 Qg4+ 28. Kh2 Be4 29.
Rg1 Qf5 30. Qh4 Bd8 31. Qh6 Qh7 32. Qxh7+ Kxh7 33. Be3 Bf5 34. Raf1 Be7 35. Rf3 g5
36. Nh5 Kg6 37. Nf4+ Kh7 38. Nh5 Kg6 39. Nf4+  1/2-1/2

[Event "Marienbad Open 2024 - A1 GM Round Robin"]
[Site "Continental hotel, Marianske Lazne"]
[Date "2024.01.17"]
[Round "6"]
[Board "4"]
[White "Natsidis, Christoph"]
[Black "Haring, Filip"]
[Result "0-1"]
[WhiteElo "2324"]
[BlackElo "2432"]
[PlyCount "0"]
[EventDate "2024.01.13"]
[EventRounds "9"]
[EventCountry "CZE"]

1. d4 Nf6 2. c4 e6 3. Nf3 d5 4. Nc3 dxc4 5. e3 a6 6. Bxc4 b5 7. Bb3 Bb7 8. O-O c5
9. e4 cxd4 10. Nxd4 Nbd7 11. Bxe6 fxe6 12. Nxe6 Qb6 13. Nd5 Bxd5 14. exd5 Kf7 15.
Qf3 Bd6 16. Be3 Qb7 17. Ng5+ Kg8 18. Rfd1 Re8 19. Rac1 Ne5 20. Qf5 Nc4 21. Bf4 Bxf4
22. Qxf4 h6 23. Ne6 Nxd5 24. Qf5 Qf7  0-1

[Event "Marienbad Open 2024 - A1 GM Round Robin"]
[Site "Continental hotel, Marianske Lazne"]
[Date "2024.01.17"]
[Round "6"]
[Board "5"]
[White "Stein, Robert"]
[Black "Haba, Petr"]
[Result "1/2-1/2"]
[WhiteElo "2429"]
[BlackElo "2437"]
[PlyCount "0"]
[EventDate "2024.01.13"]
[EventRounds "9"]
[EventCountry "CZE"]

1. d4 d5 2. c4 e6 3. Nf3 c6 4. Qc2 dxc4 5. Qxc4 Nf6 6. g3 b5 7. Qb3 Bb7 8. Bg2 a6
9. a4 Nbd7 10. O-O c5 11. axb5 Bd5 12. Qc2 Be4 13. Qb3 Bd5 14. Qc2 Be4 15. Qb3  1/2-1/2

[Event "Marienbad Open 2024 - A1 GM Round Robin"]
[Site "Continental hotel, Marianske Lazne"]
[Date "2024.01.18"]
[Round "7"]
[Board "1"]
[White "Haba, Petr"]
[Black "Kusa, Jakub"]
[Result "1-0"]
[WhiteElo "2437"]
[BlackElo "2350"]
[PlyCount "0"]
[EventDate "2024.01.13"]
[EventRounds "9"]
[EventCountry "CZE"]

1. e4 e5 2. Nf3 Nc6 3. Bb5 a6 4. Ba4 Nf6 5. O-O Be7 6. Qe2 b5 7. Bb3 O-O 8. c3 d5
9. d3 Bb7 10. Rd1 Qd6 11. Nbd2 Rad8 12. Nf1 Na5 13. Bxd5 Nxd5 14. exd5 Bxd5 15. Qxe5
Qd7 16. Qg3 c5 17. Bh6 Bf6 18. Ne3 Bxf3 19. Qxf3 Qc6 20. Qg3 Rfe8 21. Ng4 Rd5 22.
Re1 Bg5 23. Bxg5 Rxg5 24. f4 Rg6 25. f5  1-0

[Event "Marienbad Open 2024 - A1 GM Round Robin"]
[Site "Continental hotel, Marianske Lazne"]
[Date "2024.01.18"]
[Round "7"]
[Board "2"]
[White "Haring, Filip"]
[Black "Stein, Robert"]
[Result "1/2-1/2"]
[WhiteElo "2432"]
[BlackElo "2429"]
[PlyCount "0"]
[EventDate "2024.01.13"]
[EventRounds "9"]
[EventCountry "CZE"]

1. e4 e5 2. Nf3 Nc6 3. Bc4 Bc5 4. c3 Nf6 5. d4 exd4 6. e5 d5 7. Bb5 Ne4 8. cxd4 Bb6
9. Nc3 O-O 10. Be3 Bg4 11. h3 Bh5 12. Qc2 Ba5 13. O-O Bxf3 14. gxf3 Nxd4 15. Bxd4
Qg5+ 16. Kh1 Bxc3 17. Bxc3 Qf5 18. Rfc1 Qxh3+ 19. Kg1 Ng5 20. Be2 Qh6 21. f4 Nh3+
22. Kg2 Nxf4+ 23. Kf3 Nxe2 24. Rh1 Qg6 25. Qxg6 fxg6+ 26. Kxe2 c5 27. Bd2 Rae8 28.
f4 g5 29. Raf1 gxf4 30. Bxf4 g5 31. Bh2 Rxf1 32. Rxf1 Kg7 33. b4 b6 34. Rc1 Rc8 35.
Bg1 Re8 36. bxc5 Rxe5+ 37. Kd3 bxc5 38. Bxc5 Re4 39. Bd4+ Kg6 40. Rc5 Re6 41. a4
a6 42. Rxd5 Kh5 43. a5 Kg4 44. Be3 Rg6 45. Ke2 h5 46. Rd4+ Kg3 47. Rd1 Kg4 48. Kf2
h4 49. Kg2 Re6 50. Rd4+ Kf5 51. Bd2 Re4 52. Rd5+ Re5 53. Rxe5+ Kxe5 54. Bxg5  1/2-1/2

[Event "Marienbad Open 2024 - A1 GM Round Robin"]
[Site "Continental hotel, Marianske Lazne"]
[Date "2024.01.18"]
[Round "7"]
[Board "3"]
[White "Baenziger, Fabian"]
[Black "Natsidis, Christoph"]
[Result "1-0"]
[WhiteElo "2414"]
[BlackElo "2324"]
[PlyCount "0"]
[EventDate "2024.01.13"]
[EventRounds "9"]
[EventCountry "CZE"]

1. d4 Nf6 2. Nf3 e6 3. c4 d5 4. Nc3 dxc4 5. e4 b5 6. e5 Nd5 7. Nxb5 Nb6 8. Be2 Nc6
9. Be3 Be7 10. O-O O-O 11. Nc3 Rb8 12. b3 cxb3 13. axb3 Bb7 14. Qb1 Nb4 15. Ne4 N6d5
16. Bd2 f5 17. exf6 Nxf6 18. Neg5 Bd5 19. Bc4 Rb6 20. Re1 Qc8 21. Bxb4 Bxb4 22. Rxe6
Bxe6 23. Nxe6 Rxe6 24. Ng5 Kh8 25. Nxe6 Re8 26. Qf5 a5 27. Nxg7  1-0

[Event "Marienbad Open 2024 - A1 GM Round Robin"]
[Site "Continental hotel, Marianske Lazne"]
[Date "2024.01.18"]
[Round "7"]
[Board "4"]
[White "Stefansson, Hannes"]
[Black "Pang, Tao"]
[Result "1/2-1/2"]
[WhiteElo "2498"]
[BlackElo "2430"]
[PlyCount "0"]
[EventDate "2024.01.13"]
[EventRounds "9"]
[EventCountry "CZE"]

1. e4 e6 2. d4 d5 3. Nc3 Bb4 4. Nge2 dxe4 5. a3 Bxc3+ 6. Nxc3 Nc6 7. Bf4 Nf6 8. Bb5
Nd5 9. Bxc6+ bxc6 10. Bd2 Nxc3 11. Bxc3 Qg5 12. Qe2 Qxg2 13. O-O-O Qf3 14. Qd2 f6
15. Rhg1 Rg8 16. Rg3 Qf5 17. Ba5 Kd7 18. Bb4 a5 19. Bc5 Ba6 20. a4 Qh5 21. Qf4 Qf5
22. Qd2 g5 23. Re1 Qf4 24. Rh3 Qxd2+ 25. Kxd2 h5 26. Rxe4 Bf1 27. Rg3 h4 28. Rg1
Bc4 29. Reg4 Bd5 30. Ke3 h3 31. R1g3 Rh8 32. f4 Rag8 33. fxg5 f5 34. Rf4 Rg6 35.
b4 axb4 36. Bxb4 c5 37. Bxc5 Rh5 38. a5 Rgxg5 39. Rxg5 Rxg5 40. Rh4 Bg2 41. Rh7+
Kc6 42. a6 e5 43. a7 Rg8 44. Rf7 f4+ 45. Kf2 Bd5 46. Rf5 exd4 47. Bxd4 Kd6 48. Ke1
c5 49. Bf2 Ra8 50. c4 Bxc4 51. Bxc5+ Kc6 52. Bd4 Re8+ 53. Kd2 Bd5 54. Rxf4 Kb7 55.
Rf5 Bg2 56. Rf7+ Ka8 57. Kc3 Rd8 58. Rh7 Rc8+ 59. Kb4 Bf1 60. Rd7 Rc4+ 61. Ka5 Rc8
62. Rf7 Bg2 63. Rf6 Bh1 64. Kb6 Rc6+  1/2-1/2

[Event "Marienbad Open 2024 - A1 GM Round Robin"]
[Site "Continental hotel, Marianske Lazne"]
[Date "2024.01.18"]
[Round "7"]
[Board "5"]
[White "Samani, Yamac"]
[Black "Neuman, Petr"]
[Result "1/2-1/2"]
[WhiteElo "2380"]
[BlackElo "2398"]
[PlyCount "0"]
[EventDate "2024.01.13"]
[EventRounds "9"]
[EventCountry "CZE"]

1. e4 c5 2. Nf3 Nc6 3. Bb5 g6 4. O-O Bg7 5. Re1 Nf6 6. Bxc6 dxc6 7. d3 Nd7 8. a4
a5 9. e5 Nf8 10. Nbd2 Ne6 11. b3 O-O 12. Bb2 f5 13. exf6 exf6 14. Qe2 Re8 15. Qf1
b6 16. Re3 Ra7 17. Rae1 Rae7  1/2-1/2

[Event "Marienbad Open 2024 - A1 GM Round Robin"]
[Site "Continental hotel, Marianske Lazne"]
[Date "2024.01.19"]
[Round "8"]
[Board "3"]
[White "Natsidis, Christoph"]
[Black "Stefansson, Hannes"]
[Result "1/2-1/2"]
[WhiteElo "2324"]
[BlackElo "2498"]
[PlyCount "0"]
[EventDate "2024.01.13"]
[EventRounds "9"]
[EventCountry "CZE"]

1. d4 d5 2. c4 e6 3. Nf3 Nf6 4. Nc3 Bb4 5. e3 c5 6. cxd5 exd5 7. dxc5 O-O 8. Be2
Bxc5 9. O-O Nc6 10. b3 a6 11. Bb2 Bd6 12. Rc1 Re8 13. Qd3 Be6 14. Rfd1  1/2-1/2

[Event "Marienbad Open 2024 - B1 IM Round Robin"]
[Site "Continental hotel, Marianske Lazne"]
[Date "2024.01.14"]
[Round "2"]
[Board "4"]
[White "Zdybel, Przemyslaw"]
[Black "Ochedzan, Tymon"]
[Result "1-0"]
[WhiteElo "2180"]
[BlackElo "2166"]
[PlyCount "0"]
[EventDate "2024.01.13"]
[EventRounds "9"]
[EventCountry "CZE"]

1. e4 c6 2. d4 d5 3. e5 c5 4. dxc5 e6 5. a3 Bxc5 6. b4 Be7 7. Nf3 Nd7 8. c4 dxc4
9. Nc3 a6 10. Bxc4 Qc7 11. Qd4 b5 12. Bd3 Bb7 13. Ne4 Qb6 14. Qb2 Bd5 15. O-O f5
16. exf6 Ngxf6 17. Qe2 O-O 18. Re1 Rae8 19. Bb2 Nh5 20. g3 Nhf6 21. Nfg5 Nxe4 22.
Nxe4 e5 23. Rad1 Bb7 24. Rd2 Rd8 25. Bb1 Qh6 26. Red1 Bc6 27. Rd6 Bxd6 28. Rxd6 Nf6
29. Rxc6 Kh8 30. Bc1 Qh5 31. Qxh5 Nxh5 32. Bc2 Rc8 33. Rxc8 Rxc8 34. Nc5 a5 35. Bd3
axb4 36. axb4 Nf6 37. Bd2 Nd5 38. Kg2 Nc7 39. Bc3 Nd5 40. Bd2 Nc7 41. Be4 Kg8 42.
Bc3 Re8 43. Bc6 Re7 44. Kf1 Kf7 45. Ke2 g5 46. h3 h5 47. Ke3 g4 48. hxg4 hxg4 49.
Ke4 Kf6 50. Bb2 Kg6 51. Bxe5 Kg5 52. Kd4 Kf5 53. Be4+ Kg5 54. Bxc7  1-0

[Event "Marienbad Open 2024 - B1 IM Round Robin"]
[Site "Continental hotel, Marianske Lazne"]
[Date "2024.01.15"]
[Round "3"]
[Board "5"]
[White "Dobrowolski, Piotr"]
[Black "Hak, David"]
[Result "1-0"]
[WhiteElo "2401"]
[BlackElo "2310"]
[PlyCount "0"]
[EventDate "2024.01.13"]
[EventRounds "9"]
[EventCountry "CZE"]

1. e4 c5 2. Nf3 Nc6 3. d4 cxd4 4. Nxd4 g6 5. Nc3 Bg7 6. Be3 Nf6 7. Nb3 O-O 8. Qd2
d6 9. f3 Be6 10. O-O-O a5 11. a4 Nd7 12. Nd5 Bxd5 13. exd5 Nce5 14. Bh6 Bxh6 15.
Qxh6 Qc7 16. Rd4 Rfc8 17. c3 Nf6 18. h4 Ned7 19. h5 Nc5 20. Nd2 Qd8 21. hxg6 fxg6
22. g4 Qf8 23. Qe3 Qf7 24. g5 Nh5 25. Bh3 Ng3 26. Rh2 Nf5 27. Bxf5 gxf5 28. Rdh4
Qxd5 29. Qxe7 Qf7 30. Qxd6 Ra6 31. Qd4 Ne6 32. Qd5 Rd8 33. Qb3 Nf8 34. Qxf7+ Kxf7
35. Nc4 Re8 36. Rh6 Re1+ 37. Kd2 Rg1 38. Rxa6 bxa6 39. Nxa5 Rxg5 40. Nc6 Rg3 41.
b4 Kg6 42. Nd4 Rg1 43. a5 Nd7 44. Ne2 Rf1 45. Nf4+ Kg5 46. Ne6+ Kg6 47. Ke2 Rc1 48.
Kd2 Ra1 49. Ke3 Re1+ 50. Re2 Rd1 51. Nf4+ Kf6 52. Rd2 Rxd2 53. Kxd2 Ke5 54. Ke3 Nb8
55. c4 Nc6 56. Nd3+ Kf6 57. f4 h6 58. Kf2 Ke7 59. Kg3 Kf6 60. Kh4 Kg7 61. Kh5 Kh7
62. b5 axb5 63. cxb5 Nxa5 64. b6 Nb7 65. Ne5 Kg7 66. Nf3 Kf6 67. Nd4 Ke7 68. Nxf5+
Kd7 69. Nd4 Kd6 70. f5 Ke5 71. Kg6 Kd6 72. f6 Nd8 73. Kg7 h5 74. b7 Kc7 75. b8=Q+
Kxb8 76. Nc6+ Nxc6 77. f7 Kc7 78. f8=Q Nd8 79. Qc5+  1-0

[Event "Marienbad Open 2024 - B1 IM Round Robin"]
[Site "Continental hotel, Marianske Lazne"]
[Date "2024.01.16"]
[Round "4"]
[Board "1"]
[White "Jurek, Josef"]
[Black "Hak, David"]
[Result "0-1"]
[WhiteElo "2242"]
[BlackElo "2310"]
[PlyCount "0"]
[EventDate "2024.01.13"]
[EventRounds "9"]
[EventCountry "CZE"]

1. Nf3 Nf6 2. c4 g6 3. d4 Bg7 4. g3 O-O 5. Bg2 d6 6. Nc3 Nbd7 7. O-O c6 8. e4 e5
9. h3 Qb6 10. Re1 exd4 11. Nxd4 Re8 12. Na4 Qa5 13. Bd2 Qc7 14. Bf4 Ne5 15. Rc1 Nfd7
16. b3 Nc5 17. Nxc5 dxc5 18. Bxe5 Bxe5 19. Nf3 Bf6 20. e5 Bxe5 21. Nxe5 Rxe5 22.
Rxe5 Qxe5 23. Qd8+ Kg7 24. Rd1 Rb8 25. Rd6 Qe1+ 26. Kh2 Qxf2 27. Qc7 Bxh3 28. Kxh3
Re8 29. Bxc6 Qf5+ 30. Kh2 Re2+ 31. Bg2 Qh5+ 32. Kg1 Re1+ 33. Bf1 Qf3  0-1

[Event "Marienbad Open 2024 - B1 IM Round Robin"]
[Site "Continental hotel, Marianske Lazne"]
[Date "2024.01.16"]
[Round "5"]
[Board "5"]
[White "Hak, David"]
[Black "Kulkarni, Bhakti"]
[Result "0-1"]
[WhiteElo "2310"]
[BlackElo "2364"]
[PlyCount "0"]
[EventDate "2024.01.13"]
[EventRounds "9"]
[EventCountry "CZE"]

1. d4 e6 2. Nf3 f5 3. g3 Nf6 4. Bg2 d5 5. O-O Be7 6. c4 Ne4 7. Nc3 c6 8. Rb1 Nd7
9. Nd2 Nd6 10. b4 Nf6 11. b5 O-O 12. bxc6 bxc6 13. Qa4 Qc7 14. Ba3 Bd7 15. Bc5 Rfb8
16. Rb3 Nc8 17. Qa3 Be8 18. Rfb1 Bxc5 19. Qxc5 Rxb3 20. Rxb3 Qd6 21. Qa5 dxc4 22.
Nxc4 Qxd4 23. Ne5 Nd6 24. Nf3 Qc4 25. Bf1 Nfe4 26. Nxe4 fxe4 27. Nd2 Qd5 28. Qc3
Rd8 29. Qe3 Nf5 30. Qxe4 Qxd2 31. Qxe6+ Bf7 32. Qxf5 Bxb3 33. axb3 Qc1 34. Qe6+ Kh8
35. Qe7 Qd1 36. e4 a5 37. Qc7 Rf8 38. Qxa5 Qf3 39. Qc5 h6 40. Be2 Qf7 41. Bh5 Qf6
42. e5 Qf5 43. Bg6 Qf3 44. Be4 Qd1+ 45. Kg2 Rc8 46. e6 Qg4 47. Qe5 Re8 48. Bf5 Qg5
49. Qe4 Rb8 50. Bg6 Qe7 51. Qxc6 Rd8 52. Qe4 Kg8 53. b4 Rd2 54. Bf7+ Kf8 55. b5 Qd6
56. Qf3 Rd3 57. Qa8+ Qd8 58. Qe4 Ke7 59. Qh4+ g5 60. Qxh6 Qd5+ 61. Kh3 Qf5+ 62. Kg2
Rd2 63. Qg7 Qxf2+ 64. Kh3 Qf5+ 65. g4 Qf3#  0-1